| 000 | 00385nam a22001577a 4500 | ||
|---|---|---|---|
| 003 | OSt | ||
| 005 | 20240115153445.0 | ||
| 008 | 240115b |||||||| |||| 00| 0 eng d | ||
| 020 | _a9789390619856 | ||
| 040 | _cIIMT UNIVERSITY | ||
| 100 | _aPATHANIA.JOGINDER.SINGH | ||
| 245 | _aTEXT BOOK OF PHARMACOLOGY | ||
| 260 |
_aNEW DELHI _bCBS _c2022 |
||
| 300 | _a615 | ||
| 942 |
_2ddc _c01 _e2nd |
||
| 999 |
_c58001 _d58001 |
||